[Event "Mexican op 54th"]
[Site "Aguascalientes"]
[Date "2008.03.22"]
[Round "8"]
[White "Hernandez Guerrero, Gilberto Eduardo"]
[Black "De la Paz Perdomo, Frank"]
[Result "0-1"]
[WhiteElo "2548"]
[BlackElo "2441"]
[PlyCount "103"]
[EventDate "2008.03.18"]
[EventType "swiss"]
[EventRounds "9"]
[EventCountry "MEX"]
[SourceTitle "CBM 123 Extra"]
[Source "ChessBase"]
[SourceDate "2008.05.06"]
[SourceVersion "1"]
[SourceVersionDate "2008.05.06"]
[SourceQuality "1"]

1. e4 e5 2. Nf3 Nc6 3. Bc4 Bc5 4. c3 Nf6 5. d3 a6 6. Bb3 d6 7. 0-0 Ba7 8. Nbd2 0-0 9. h3 h6 10. Re1 Re8 11. Nf1 Be6 12. Bc2 d5 13. exd5 Qxd5 14. Be3 Bxe3 15. fxe3 Rad8 16. d4 Qb5 17. Qb1 exd4 18. exd4 Bd5 19. Bd3 Qb6 20. N1d2 Rxe1+ 21. Nxe1 Nxd4 22. cxd4 Qxd4+ 23. Kh1 Qe3 24. Ndf3 Bxf3 25. gxf3 Nh5 26. Qc2 Nf4 27. Rd1 Nxd3 28. Nxd3 Qxf3+ 29. Kh2 Rd6 30. b4 h5 31. Nf2 Rxd1 32. Nxd1 Qf4+ 33. Kg2 Qxb4 34. Qxc7 Qe4+ 35. Kf2 Qf5+ 36. Ke2 Qxh3 37. Ne3 Qe6 38. a4 Qa2+ 39. Kf3 Qxa4 40. Qc8+ Kh7 41. Qf5+ Kh6 42. Qxf7 Qc6+ 43. Kf4 Qd6+ 44. Ke4 Qg6+ 45. Nf5+ Kg5 46. Qd7 Qc6+ 47. Qxc6 bxc6 48. Nxg7 a5 49. Ne6+ Kg4 50. Nc5 h4 51. Ke3 Kg3 52. Ke4 0-1

[Event "Mexican op 54th"]
[Site "Aguascalientes"]
[Date "2008.03.21"]
[Round "6"]
[White "De la Paz Perdomo, Frank"]
[Black "Tapie Amione, Pablo Adib"]
[Result "1-0"]
[WhiteElo "2441"]
[BlackElo "2179"]
[PlyCount "65"]
[EventDate "2008.03.18"]
[EventType "swiss"]
[EventRounds "9"]
[EventCountry "MEX"]
[SourceTitle "CBM 123 Extra"]
[Source "ChessBase"]
[SourceDate "2008.05.06"]
[SourceVersion "1"]
[SourceVersionDate "2008.05.06"]
[SourceQuality "1"]

1. e4 c5 2. Nf3 d6 3. d4 cxd4 4. Nxd4 Nf6 5. Nc3 a6 6. Bg5 e6 7. f4 Nbd7 8. Qf3 Qc7 9. 0-0-0 b5 10. Bd3 Bb7 11. Rhe1 Qb6 12. Nd5 Qxd4 13. Bxf6 gxf6 14. Bxb5 Qc5 15. Nxf6+ Kd8 16. Nxd7 Qxb5 17. Nxf8 Rxf8 18. Qa3 Ke8 19. Qxd6 Rc8 20. Re3 Qc6 21. Qd2 Qc7 22. Rc3 Bc6 23. f5 e5 24. f6 Rg8 25. Qf2 Rg6 26. Rd5 Kf8 27. Qc5+ Kg8 28. Qxc6 Qxc6 29. Rxc6 Rb8 30. g3 Rh6 31. Rcd6 Rf8 32. h4 Rg6 33. h5 1-0